000
00245nam a2200121Ia 4500
100
_a
Dept of Humanities
942
_c
BK
245
_a
Applied Mathematics II (notes)
260
_b
#N/A
_c
2012
300
_a
59
546
_a
ENGLISH
999
_c
35417
_d
35417